|
|
|
|
| LEADER |
00000nab a2200000 a 4500 |
| 001 |
vtls011102571 |
| 003 |
SK-MaSNL |
| 005 |
20260303150054.0 |
| 008 |
230222|1963 xo |||||||||||||||||slo| |
| 015 |
|
|
|a SNBRB
|
| 035 |
|
|
|a (uuid)0a53a485-66f1-4156-bce2-d17d66463ce7
|
| 035 |
|
|
|a (urnnbn)urn:nbn:sk:snk:ar-a082f6
|
| 035 |
|
|
|a urn:nbn:sk:snk-ab9975
|
| 040 |
|
|
|a SNKBUCL
|b slo
|c SNKBUCL
|e AACR2
|
| 041 |
0 |
|
|a slo
|
| 044 |
|
|
|a xo
|c SK
|
| 100 |
1 |
|
|a Weiss, Tomáš
|4 aut
|9 478448
|
| 245 |
1 |
0 |
|a Reflex a duša
|c Tomáš Weiss
|
| 773 |
0 |
|
|t Svet vedy : populárnovedecký mesačník SAV a Čs. spoločnosti pre šírenie politických a vedeckých poznatkov
|g Roč. 10, č. 1 (1963), s. 12-13
|
| 954 |
|
|
|a odborná, vedecká literatúra pôvodná (slovenská)
|2 lita
|
| 958 |
|
|
|a OND
|
| 958 |
|
|
|a EUIPO
|
| 958 |
|
|
|a article13
|
| 999 |
|
|
|c 2007509
|d 2009439
|